Daily Capital City Riddle #48 - Statistics

General Stats
  • This quiz has been taken 50 times
  • The average score is 32 of 35
Answer Stats
Type Answer % Correct
Alphabet Letter E
100%
Found Letter I
100%
Alphabet Letter L
100%
Alphabet Letter N
100%
Found Letter A
98%
Found Letter D
98%
Alphabet Letter M
98%
Alphabet Letter O
98%
Alphabet Letter T
98%
Found Letter B
95%
Alphabet Letter C
95%
Correctly Placed Letter D
95%
Alphabet Letter R
95%
Alphabet Letter S
95%
Correctly Placed Letter A
93%
Found Letter H
93%
Correctly Placed Letter I
93%
Alphabet Letter J
93%
Alphabet Letter K
93%
Alphabet Letter P
93%
Found Letter U
93%
Alphabet Letter W
93%
Alphabet Letter V
90%
Alphabet Letter G
88%
Alphabet Letter Y
88%
Alphabet Letter F
85%
Alphabet Letter X
85%
Found Letter Z
85%
Alphabet Letter Q
83%
Correctly Placed Letter U
83%
Correctly Placed Letter A
80%
Mystery Capital Abu Dhabi
80%
Correctly Placed Letter B
80%
Correctly Placed Letter B
80%
Correctly Placed Letter H
80%
No matching quizzes found
Score Distribution
Percent of People with Each Score
Percentile by Number Answered
Your Score History
You have not taken this quiz